Billy Joel Lyrics Quiz (Part 32) - Statistics

General Stats
  • This quiz has been taken 30 times
  • The average score is 167 of 288
Answer Stats
Answer % Correct
a
100%
I
91%
me
91%
the
91%
you
91%
You
91%
it
87%
to
87%
To
87%
And
83%
and
83%
be
83%
my
83%
who
83%
in
78%
when
78%
all
74%
do
74%
I’m
74%
so
74%
So
74%
too
74%
your
74%
can
70%
go
70%
not
70%
that
70%
That
70%
am
65%
for
65%
have
65%
I’ll
65%
love
65%
this
65%
this…
65%
as
61%
But
61%
can’t
61%
if
61%
it’s
61%
It’s
61%
I’ve
61%
man
61%
There
61%
there
61%
been
57%
don’t
57%
ever
57%
from
57%
got
57%
had
57%
here
57%
never
57%
now,
57%
now
57%
see
57%
Well
57%
has
52%
I’d
52%
know
52%
life
52%
like
52%
of
52%
say
52%
want
52%
What
52%
what
52%
anything
48%
at
48%
comes
48%
down
48%
just
48%
should
48%
could
43%
loving
43%
much
43%
need
43%
or
43%
wanted
43%
away
39%
Cause
39%
knew
39%
let
39%
living
39%
out
39%
who’s
39%
world
39%
about
35%
knees
35%
left
35%
make
35%
wrong
35%
Yes
35%
ain’t
30%
anyone
30%
couldn’t
30%
he’s
30%
lose
30%
shameless
30%
shameless,
30%
Shameless
30%
easy,
26%
easy
26%
hard
26%
lost
26%
own
26%
please
26%
power
26%
standing
26%
admit
22%
break
22%
control
22%
fall
22%
Insecure
22%
made
22%
over
22%
pride
22%
satisfied
22%
upon
22%
walk
22%
anyhow
17%
baby
17%
call
17%
compromise
17%
far
17%
fool
17%
hands
17%
missed
17%
myself
17%
perfectly
17%
refuse
17%
sorry
17%
swore
17%
worked
17%
Anytime
13%
changing,
13%
convinced
13%
found
13%
otherwise
13%
prayer
13%
resist,
13%
strong
13%
total
13%
turn
13%
very
13%
No matching quizzes found
Score Distribution
Percent of People with Each Score
Percentile by Number Answered
Your Score History
You have not taken this quiz